Statistieken voor Monaco Trivia Quiz

Klik hier om de quiz te nemen!

Algemene statistieken

  • Deze quiz is 631 keer genomen
  • De gemiddelde score is 10 van 16

Antwoordstatistieken

HintAntwoord% Correct
Het enige land dat aan Monaco grenstFrankrijk
100%
Officiële taalFrans
96%
Zee waar Monaco aan ligtMiddellandse zee
87%
Groot sportevenement dat sinds 1929 jaarlijks in Monaco wordt gehoudenMonaco Grand Prix
85%
Land met een zeer vergelijkbare vlag:
Indonesië
84%
Monaco ligt in deze kuststreekCôte d'{Azur}
77%
Monaco is het ____ land ter wereld, vóór Liechtenstein en QatarRijkste
74%
Monaco heeft de hoogste bevolkings_____ ter wereldDichtheid
70%
Beroemd casino dat werd geopend in 1863Monte Carlo
49%
Monaco heeft de hoogste ________ van elk land, bijna 90 jaarLevensverwachting
44%
Persoon die het bovenstaande het vaakst heeft gewonnenAyrton Senna
43%
Huidige monarchAlbert II
41%
Dialect van Ligurisch dat in Monaco wordt gesprokenMonegaskisch
33%
Nabijgelegen Italiaanse stad die in 1215 een fort bouwde op de Rots van Monaco, een gebeurtenis beschouwd als het begin van de moderne geschiedenis van MonacoGenua
31%
Koninklijke familieGrimaldi
23%
Halfgod die, volgens de legende, de haven van Monaco heeft gebouwdHerakles
22%

Scoreverdeling

Percentiel versus Aantal Correcte Antwoorden

Procent van Mensen met Elke Score

Uw Scoregeschiedenis

U heeft deze quiz nog niet genomen